000 00520nam a2200169 i 4500
001 22650
003 ES-MaACL
005 20230906152732.0
007 t|
008 021204s1968 sp ||||1| spa d
100 1 _aAltavilla, Enrico.
_920524
245 1 0 _aHoy con los espĂ­as /
_cEnrico Altavilla ; [lo tradujo al castellano Francisco Javier Urrara].
260 _aMadrid :
_bGuadarrama,
_c[1968]
300 _a197 p. ;
_c18 cm.
700 1 _aUrrara, Francisco Javier.
_9112226
852 _aES-MaACL
_jC-37062
_bR.66865
999 _c22650
_d22650